[Event "Pocos de Caldas op"]
[Site "Pocos de Caldas"]
[Date "2022.03.13"]
[Round "5"]
[White "Molina, Roberto Junio Brito"]
[Black "Rodrigues, Leonardo De Miranda"]
[Result "1-0"]
[WhiteElo "2401"]
[BlackElo "2161"]
[PlyCount "116"]
[EventDate "2022.03.11"]
[EventType "swiss"]
[EventRounds "6"]
[EventCountry "BRA"]
[SourceTitle "CBM 207 Extra"]
[Source "ChessBase"]
[SourceDate "2022.05.31"]
[SourceVersion "1"]
[SourceVersionDate "2022.05.31"]
[SourceQuality "1"]

1. d4 Nf6 2. c4 c5 3. d5 e6 4. Nc3 exd5 5. cxd5 d6 6. e4 g6 7. Nf3 Bg7 8. Be2 0-0 9. 0-0 Na6 10. Nd2 Nc7 11. Re1 Re8 12. a4 b6 13. f3 Nh5 14. Nf1 Rb8 15. Be3 a6 16. g4 Nf6 17. Qd2 b5 18. axb5 axb5 19. Ng3 b4 20. Nd1 Nd7 21. Nf2 Qf6 22. Rab1 c4 23. g5 c3 24. gxf6 cxd2 25. Bxd2 Bxf6 26. Rec1 Nc5 27. Bf4 Be5 28. Bxe5 Rxe5 29. Nd3 Nxd3 30. Bxd3 Ne8 31. Ra1 Re7 32. Ne2 Rc7 33. Kf2 Kf8 34. Rxc7 Nxc7 35. Nd4 Bb7 36. Ra4 Ba8 37. Nc2 b3 38. Nd4 Ke7 39. Bc4 Kf6 40. Ke3 Re8 41. Ra5 Kg5 42. Nb5 Nxb5 43. Rxb5 f5 44. Rxb3 Kh4 45. Rb6 fxe4 46. fxe4 Rd8 47. Bb5 Kh3 48. Bc6 Kxh2 49. Bxa8 Rxa8 50. Rxd6 Rb8 51. Rd7 h6 52. Rg7 g5 53. d6 Kg3 54. e5 Rb5 55. Ke4 Rb4+ 56. Kd5 Rxb2 57. e6 Rd2+ 58. Kc6 Kf4 1-0